Η κουζίνα

Αποθηκεύτηκε σε:
Λεπτομέρειες βιβλιογραφικής εγγραφής
Κύριος συγγραφέας: Zola, Émile, 1840-1902
Άλλοι συγγραφείς: Αγγέλου, Γιάννης, 1915- (Μεταφραστής)
Μορφή: Βιβλίο
Γλώσσα:Greek
French
Δημοσίευση: Αθήνα : Ζαχαρόπουλος, c1981.
Σειρά:Κλασική λογοτεχνία (Ζαχαρόπουλος) ; 9
Θέματα:
Ετικέτες: Προσθήκη ετικέτας
Δεν υπάρχουν, Καταχωρήστε ετικέτα πρώτοι!

MARC

LEADER 00000cam a2200000 i 4500
001 1/33000
008 941103s1981 gr | ||| |||| ||gre||
035 |a 1990  |l 10039249 
040 |a GR-MY-UA  |b gre  |e aacr 
041 1 |a gre  |h fre 
082 0 |a 843 
100 1 |a Zola, Émile,   |d 1840-1902. 
245 1 2 |a Η κουζίνα /  |c Εμίλ Ζολά ; μετάφραση Γιάννης Αγγέλου.  
260 |a Αθήνα :   |b Ζαχαρόπουλος,   |c c1981.  
300 |a 524 σ. ;   |c 18 εκ.  
490 1 |a (Κλασική λογοτεχνία   |v ; 9)  
500 |a Τίτλος πρωτοτύπου: Port-Bouille 
650 0 0 |a French fiction. 
700 1 |a Αγγέλου, Γιάννης,   |d 1915-  |e trl 
830 0 |a Κλασική λογοτεχνία (Ζαχαρόπουλος)  |v  ; 9 
852 |a INST  |b SAMOS  |e 19941103  |h 843 ZOL  |p 005300000516  |q 005300000516  |t BK  |y 0 
909 |a Σ  |b 000423